Grundrechte für Tiere : Eine Kritik des geltenden Tierschutzrechts und rechtstheoretische Grundlegung von Tierrechten im Rahmen einer Neupositionierung des Tieres als Rechtssubjekt.

Bibliographic Details
Main Author: Stucki, Saskia
Corporate Author: JSTOR (Organization)
Format: eBook
Language:German
Published: Baden-Baden : Nomos Verlagsgesellschaft mbH & Co. KG, 2016.
Series:Fundamenta Juridica. Beiträge zur rechtswissenschaftlichen Grundlagenforschung.
Subjects:
Online Access:Connect to the full text of this electronic book

MARC

Tag First Indicator Second Indicator Subfields
LEADER 00000cam a2200000Mi 4500
001 in00004018331
005 20200701134539.0
006 m o d
007 cr |n|---|||||
008 161126s2016 gw o 000 0 ger d
019 |a 962437302 
020 |a 9783845271774 
020 |a 3845271779 
020 |z 9783848727957 
020 |z 3848727951 
035 |a (OCoLC)ocn964403571 
035 |a (OCoLC)964403571  |z (OCoLC)962437302 
037 |a 22573/ctv933d9f  |b JSTOR 
040 |a EBLCP  |b eng  |e pn  |c EBLCP  |d YDX  |d DEBBG  |d OCLCQ  |d JSTOR  |d UtOrBLW 
049 |a TXAM 
050 4 |a K3620 
072 7 |a LAW  |x 079000  |2 bisacsh 
082 0 4 |a 340.1 
100 1 |a Stucki, Saskia.  |0 http://id.loc.gov/authorities/names/no2016013721 
245 1 0 |a Grundrechte für Tiere :  |b Eine Kritik des geltenden Tierschutzrechts und rechtstheoretische Grundlegung von Tierrechten im Rahmen einer Neupositionierung des Tieres als Rechtssubjekt. 
264 1 |a Baden-Baden :  |b Nomos Verlagsgesellschaft mbH & Co. KG,  |c 2016. 
300 |a 1 online resource (447 pages). 
336 |a text  |b txt  |2 rdacontent 
337 |a computer  |b c  |2 rdamedia 
338 |a online resource  |b cr  |2 rdacarrier 
490 1 |a Fundamenta Juridica. Beiträge zur rechtswissenschaftlichen Grundlagenforschung ;  |v v. 69 
588 0 |a Print version record. 
505 0 |a Cover; A. Einleitung; I. Hintergrund der Untersuchung; II. Zielsetzung und Aufbau; B. Tierethische Grundlagen; I. Vorbemerkungen zum Begriff des Tierschutzes; II. Grundpositionen zum moralischen Status von Tieren; 1. Anthropozentrismus; 1.1. Moralischer Anthropozentrismus; 1.2. Die moralische Sonderstellung des Menschen; 1.3. Kritik am moralischen Anthropozentrismus; 1.3.1. Dekonstruktion der moralischen Sonderstellung des Menschen; 1.3.2. Das marginal cases-Argument; 1.3.3. Der Vorwurf des Speziesismus; 2. Pathozentrismus. 
505 8 |a 2.1. Empfindungsfähigkeit als Kriterium für moralische Berücksichtigung 2.2. Die moralische Gemeinschaft der Empfindungsfähigen; 2.2.1. Moralische Subjekte und moralische Objekte; 2.2.2. Hierarchische und egalitäre Konzeptionen; 3. Biozentrismus; III. Überblick über drei tierethische Grundpositionen; 1. Peter Singers (Präferenz- )Utilitarismus; 2. Tom Regans Rechte-Ansatz; 3. Mark Rowlands' Kontraktualismus; IV. Bedeutung der Tierethik für das Tierschutzrecht; 1. Zum Verhältnis von (Tierschutz- )Recht und (Tier- )Ethik; 2. Tierethische Leitlinien für den rechtlichen Umgang mit Tieren. 
505 8 |a C. Grundzüge und Kritik des geltenden Tierschutzrechts I. Überblick über die tierschutzrelevante Rechtslage; 1. Eingrenzung des Tierschutzrechtsbegriffs; 2. Rechtsstellung: Das Tier als Rechtsobjekt sui generis; 2.1. Aufhebung des Sachstatus; 2.2. Beibehaltung des Eigentumsstatus; 3. Tierschutzrecht; 3.1. Verfassungsgrundlagen; 3.1.1. Tierschutz als Staatsaufgabe (Art. 80 BV); 3.1.2. Würde der Kreatur als Verfassungsprinzip (Art. 120 Abs. 2 BV); 3.2. Zweck und Schutzgüter; 3.2.1. Wohlergehen und Unversehrtheit des Tieres; 3.2.2. Würde des Tieres; 3.2.3. Leben des Tieres. 
505 8 |a 3.3. Geltungsbereich 3.4. Grundsätze und Strafbestimmungen; II. Konkretisierung der aktuellen Tierschutzrechtsethik; 1. Typisierung nach Ethik- und Tierschutzkonzepten; 1.1. Konsequentialistisches und deontologisches Tierschutzrecht; 1.1.1. Konsequentialistische Grundausrichtung; 1.1.2. Einzelne deontologische Verbote; 1.2. Ethisches und anthropozentrisches Tierschutzrecht; 1.2.1. Grundbekenntnis zum ethischen Tierschutz; 1.2.2. Anthropozentrisches Tierschutzrecht; 1.3. Pathozentrisches und biozentrisches Tierschutzrecht; 1.3.1. Pathozentrische Grundausrichtung. 
505 8 |a 1.3.2. Biozentrische Erweiterungen des Tierschutzrechts 2. Rechtsethischer Status des Tieres zwischen Objekt und Subjekt; 3. Konkretisierung der tierschutzrechtsethischen Leitlinien für den rechtlichen Umgang mit Tieren; III. Rechtsethische Kritik des geltenden Tierschutzrechts; 1. Tiernutzungspraxis: Ein fragmentarischer Einblick; 2. Ambivalenz des die Tiernutzungspraxis einrahmenden Tierschutzrechts im Allgemeinen; 2.1. Tierschutzrecht als Spannungsfeld zwischen Tiernutzung und Tierschutz; 2.2. Tierschutz- oder „Tiernutzrecht"? 
500 |a 2.3. Tierschutzrecht zwischen Humanisierung und „Institutionalisierung" der Tiernutzungspraxis." 
500 |a Electronic resource. 
650 0 |a Animal welfare  |x Law and legislation.  |0 http://id.loc.gov/authorities/subjects/sh85005275 
650 0 |a Animals  |x Law and legislation.  |0 http://id.loc.gov/authorities/subjects/sh2003006246 
650 0 |a Animal rights.  |0 http://id.loc.gov/authorities/subjects/sh89005495 
650 7 |a LAW / Reference.  |2 bisacsh 
655 7 |a Electronic books.  |2 local 
710 2 |a JSTOR (Organization)  |0 http://id.loc.gov/authorities/names/no97001983 
776 0 8 |i Print version:  |a Stucki, Saskia.  |t Grundrechte für Tiere : Eine Kritik des geltenden Tierschutzrechts und rechtstheoretische Grundlegung von Tierrechten im Rahmen einer Neupositionierung des Tieres als Rechtssubjekt.  |d Baden-Baden : Nomos Verlagsgesellschaft mbH & Co. KG, ©2016  |z 9783848727957 
830 0 |a Fundamenta Juridica. Beiträge zur rechtswissenschaftlichen Grundlagenforschung. 
856 4 0 |u http://proxy.library.tamu.edu/login?url=http://www.jstor.org/stable/10.2307/j.ctv941v1z  |z Connect to the full text of this electronic book  |t 0 
999 f f |s 2d74b503-c033-3f93-84fd-870a997d815e  |i a2bc1d67-c4b7-36da-a4e8-510d7359d5a5  |t 0 
952 f f |a Texas A&M University  |b College Station  |c Electronic Resources  |d Available Online  |t 0  |e K3620  |h Library of Congress classification 
998 f f |a K3620  |t 0  |l Available Online